Thuế nhà đất : Một số bất cập và hướng hoàn thiện /

Đã lưu trong:
Sonraí Bibleagrafaíochta
Príomhúdar: Phạm Nguyệt Thảo, ThS.
Formáid: Bài viết
Teanga:Vietnamese
Ábhair:
Clibeanna: Cuir Clib Leis
Gan Chlibeanna, Bí ar an gcéad duine leis an taifead seo a chlibeáil!
Thư viện lưu trữ: Thư viện Trường Đại học Đà Lạt
LEADER 00793nam a2200265 4500
001 DLU120132964
005 ##20120327
040 # # |a DLU  |b vie 
041 # # |a vie 
044 # # |a vn 
100 # # |a Phạm Nguyệt Thảo,   |c ThS. 
245 # # |a Thuế nhà đất :  |b Một số bất cập và hướng hoàn thiện /  |c Phạm Nguyệt Thảo. 
653 # # |a Quyền sở hữu 
653 # # |a Thuế nhà đất 
653 # # |a Thuế tài sàn 
773 # # |t Tạp chí Luật học  |g Số 4(107), 2009, tr. 51-57 
920 # # |a Phòng Tạp chí -- Trung tâm Thông tin - Thư viện Trường Đại học Đà Lạt 
994 # # |a DLU 
900 # # |a True 
911 # # |a Nguyễn Thị Linh Chi 
925 # # |a G 
926 # # |a A 
927 # # |a BB 
980 # # |a Thư viện Trường Đại học Đà Lạt